Democratic transitions : (Record no. 5118)
[ view plain ]
| 000 -LEADER | |
|---|---|
| fixed length control field | 00879cam a2200229 4500 |
| 001 - CONTROL NUMBER | |
| control field | 6062 |
| 005 - DATE AND TIME OF LATEST TRANSACTION | |
| control field | 20181127180817.0 |
| 010 ## - LIBRARY OF CONGRESS CONTROL NUMBER | |
| LC control number | 2014046776 |
| 020 ## - INTERNATIONAL STANDARD BOOK NUMBER | |
| International Standard Book Number | 9781421417608 |
| 100 ## - MAIN ENTRY--PERSONAL NAME | |
| Personal name | Bitar, Sergio. |
| Numeration | |
| Titles and words associated with a name | |
| Dates associated with a name | |
| Relator term | |
| Fuller form of name | |
| 245 00 - TITLE STATEMENT | |
| Title | Democratic transitions : |
| Remainder of title | conversations with world leaders / |
| Statement of responsibility, etc. | edited by Sergio Bitar and Abraham F. Lowenthal, International Institute for Democracy and Electoral Assistance, Stockholm. |
| 264 #1 - PRODUCTION, PUBLICATION, DISTRIBUTION, MANUFACTURE, AND COPYRIGHT NOTICE | |
| Place of production, publication, distribution, manufacture | Baltimore : |
| Name of producer, publisher, distributor, manufacturer | Johns Hopkins University Press, |
| Date of production, publication, distribution, manufacture, or copyright notice | 2015. |
| 300 ## - PHYSICAL DESCRIPTION | |
| Extent | xvi, 467 pages : |
| Other physical details | illustrations ; |
| Dimensions | 24 cm |
| 336 ## - CONTENT TYPE | |
| Content type term | text |
| Source | rdacontent |
| 337 ## - MEDIA TYPE | |
| Media type term | unmediated |
| Source | rdamedia |
| 338 ## - CARRIER TYPE | |
| Carrier type term | volume |
| Source | rdacarrier |
| 504 ## - BIBLIOGRAPHY, ETC. NOTE | |
| Bibliography, etc. note | Includes bibliographical references (pages 451-454) and index. |
| 650 #0 - SUBJECT ADDED ENTRY--TOPICAL TERM | |
| Topical term or geographic name entry element | Democratization |
| Form subdivision | Case studies. |
| Topical term or geographic name entry element | Political leadership |
| Form subdivision | Case studies. |
| 700 1# - ADDED ENTRY--PERSONAL NAME | |
| Personal name | Bitar, Sergio. |
| Personal name | Lowenthal, Abraham F. |
| Withdrawn status | Lost status | Source of classification or shelving scheme | Damaged status | Not for loan | Collection code | Home library | Current library | Shelving location | Date acquired | Serial Enumeration / chronology | Inventory number | Total Checkouts | Full call number | Barcode | Date last seen | Date last checked out | Price effective from | Koha item type |
|---|---|---|---|---|---|---|---|---|---|---|---|---|---|---|---|---|---|---|
| Dewey Decimal Classification | Main TEST | RTC Library | RTC Library | Main opac | 11/09/2023 | 9593 | 1 | 321.8 BIT | 30008325 | 12/09/2023 | 11/09/2023 | 27/11/2018 | Main |